Producción planificada de vacuno de carne / (Record no. 139597)

MARC details
000 -LEADER
fixed length control field 00728cam a2200217 4500
008 - FIXED-LENGTH DATA ELEMENTS--GENERAL INFORMATION
fixed length control field 081023s1980 sp 000 0 spa u
020 ## - INTERNATIONAL STANDARD BOOK NUMBER
International Standard Book Number 84-200-0527-4
050 04 - LIBRARY OF CONGRESS CALL NUMBER
Classification number SF97 .G4
Item number A55 1980 C: 1
100 1# - MAIN ENTRY--PERSONAL NAME
Personal name Allen, David
245 10 - TITLE STATEMENT
Title Producción planificada de vacuno de carne /
Statement of responsibility, etc David Allen, Brian Kilkenny; tr. José Fernández-Salguero
260 ## - PUBLICATION, DISTRIBUTION, ETC. (IMPRINT)
Place of publication, distribution, etc Zaragoza, España:
Name of publisher, distributor, etc Acribia,
Date of publication, distribution, etc 1980
300 ## - PHYSICAL DESCRIPTION
Extent 240 p. :
Other physical details il. ;24 cm.
500 ## - GENERAL NOTE
General note Traducción de: Planned Beef Production
504 ## - BIBLIOGRAPHY, ETC. NOTE
Bibliography, etc Incluye índice
506 ## - RESTRICTIONS ON ACCESS NOTE
Terms governing access Rec. Esc.
650 #7 - SUBJECT ADDED ENTRY--TOPICAL TERM
Topical term or geographic name as entry element Ganado de carne
Geographic subdivision Gran Bretaña
700 1# - ADDED ENTRY--PERSONAL NAME
Personal name Allen, David, coaut.
700 1# - ADDED ENTRY--PERSONAL NAME
Personal name Kilkenny, Brian, coaut.
700 1# - ADDED ENTRY--PERSONAL NAME
Personal name Fernández-Salguero, José, tr.
942 ## - ADDED ENTRY ELEMENTS (KOHA)
Source of classification or shelving scheme Biblioteca del Cogreso de los Estados Unidos
Koha item type Libro
Holdings
Estado de pérdida Fuente de clasificación Estado del daño No para préstamo Ubicación permanente Ubicación actual Apartado o colección Fecha de adquisición Edición Área del conocimiento Clasificación Código de Barras Date last seen Número de copia Tipo de recurso
  Biblioteca del Cogreso de los Estados Unidos     Biblioteca del Instituto de Investigaciones Agropecuarias y Forestales Biblioteca del Instituto de Investigaciones Agropecuarias y Forestales General 27/11/2018   Ciencias Agropecuarias SF97 .G4 A55 1980 C:1 BIIA000000687 27/11/2018 C:1 Libro